Εν δορί κεκλιμένος : δοκίμια, μελέτες, άρθρα, συνεντεύξεις

Αποθηκεύτηκε σε:
Λεπτομέρειες βιβλιογραφικής εγγραφής
Κύριος συγγραφέας: Χαραλαμπίδης, Κυριάκος, 1940-
Μορφή: Βιβλίο
Γλώσσα:Greek
Δημοσίευση: Αθήνα : Σοκόλης, 2019.
Θέματα:
Ετικέτες: Προσθήκη ετικέτας
Δεν υπάρχουν, Καταχωρήστε ετικέτα πρώτοι!

MARC

LEADER 00000nam a2200000 a 4500
001 1/125585
008 221109s2019####gr | ||| |||| ||gre||
020 |a 9789606370151 
040 |a GR-MyUa  |b gre  |c GR-MyUa  |e AACR2 
041 0 |a gre 
082 7 |a 889.4   |2 (23) 
100 1 |a Χαραλαμπίδης, Κυριάκος,   |d 1940- 
245 1 0 |a Εν δορί κεκλιμένος :   |b δοκίμια, μελέτες, άρθρα, συνεντεύξεις /   |c Κυριάκος Χαραλαμπίδης.  
260 |a Αθήνα :   |b Σοκόλης,   |c 2019.  
300 |a 198 σ. ;   |c 24 εκ.  
504 |a Περιέχει βιβλιογραφικές παραπομπές και ευρετήριο. 
650 0 |a Greek literature, Modern  |z Cyprus. 
650 0 |a Greek poetry  |z Cyprus  |x Essays. 
650 0 |a Greek literature, Modern  |z Cyprus  |x History and critisism. 
852 |a INST  |b RHODES  |e 20221109  |h 889.4 ΧΑΡ  |p 005400043140  |q 005400043140  |t BK  |y 0 
970 |z 09-11-2022